| 000 | 00727nam a2200205 a 4500 | ||
|---|---|---|---|
| 005 | 20210223120758.0 | ||
| 008 | 991125n197 mx 000 0 spa u | ||
| 035 | _aUPN01000006903 | ||
| 049 | _aCG | ||
| 050 | 4 |
_aRA771.7 M6 _bM4.2 |
|
| 245 | 0 | 0 |
_aCartilla de salud / _cSecretaría de Salubridad y Asistencia Pública, Comisión Construtora e Ingeniería Sanitaria |
| 260 |
_aMéxico : _bSSA, _c197- |
||
| 300 | _a103 p. | ||
| 650 | 4 |
_aECOLOGIA - _xESTUDIO Y ENSEÑANZA _912772 |
|
| 650 | 4 |
_aHIGIENE RURAL - _zMEXICO |
|
| 650 | 4 |
_aNUTRICION - _xESTUDIO Y ENSEÑANZA _915750 |
|
| 710 | 2 |
_aMéxico. _bSecretaría de Salubridad y Asistencia. _bComisión Constructora e Ingeniería Sanitaria |
|
| 904 |
_aAC _b006903 |
||
| 905 | _aLibro | ||
| 999 |
_c6903 _d6903 |
||